Statistiques concernant Les mots de la langue française terminés par "rage"

Cliquez ici pour prendre le quiz!

Statistiques générales

  • Ce quiz a été pris 148 fois
  • Le résultat moyen est 11 sur 24

Statistiques - réponses

IndiceMot% Correct
maladierage
85%
tournantvirage
79%
lototirage
72%
livreouvrage
69%
vertucourage
65%
remisegarage
61%
travail de la terrelabourage
59%
avionmirage
59%
perturbationorage
58%
injureoutrage
50%
puitsforage
49%
prairiepâturage
48%
arrêtbarrage
47%
fixationancrage
41%
départdémarrage
41%
ville d'AlaskaAnchorage
37%
lumièreéclairage
37%
chaussurecirage
36%
abriombrage
25%
paroivitrage
23%
accidentnaufrage
20%
décisionarbitrage
19%
imagecadrage
13%
compteurkilométrage
5%

Distribution des résultats

Percentile par nombre de réponses

% des personnes avec chaque résultat

Votre développement - résultats

Vous n’avez pas pris ce quiz